Vstupný areál letného kúpaliska

Guardado en:
Detalles Bibliográficos
Autor principal: Fabuľová, Anna, 1989- (Autor)
Otros Autores: Nádaská, Zuzana, 1956- (Orientador)
Formato: Manuscrito Libro
Lenguaje:eslovaco
Publicado: Bratislava : STU v Bratislave SvF, 2013
Materias:
Acceso en línea:VAIS
https://opac.crzp.sk/?fn=detailBiblioForm&sid=9359D1AC2B33EC8F6781F9DC0F9A
Etiquetas: Agregar Etiqueta
Sin Etiquetas, Sea el primero en etiquetar este registro!

MARC

LEADER 00000ntm a22000003a 4500
001 stu271908
005 20230825100914.2
008 130720s2013----xo------------------slo-d
040 |a STU  |b slo 
041 0 |a slo 
044 |a xo 
100 1 |a Fabuľová, Anna,  |d 1989-  |4 aut  |u V  |T SvF Stavebná fakulta  |X 66942  |U V  |Y 10  |7 A000066942 
242 0 0 |a entry area of the summer recreation center  |y eng 
245 1 |a Vstupný areál letného kúpaliska 
260 |a Bratislava :  |b STU v Bratislave SvF,  |c 2013 
650 7 |a kúpalisko  |2 stusub 
700 1 |a Nádaská, Zuzana,  |d 1956-  |4 ths  |u V181  |U SvF Stavebná fakulta  |T SvF Katedra architektúry  |X 790  |U V181|V310  |Y 19  |7 A000000790 
856 4 |a info a plný text  |u http://is.stuba.sk/zp/portal_zp.pl?podrobnosti=67383  |3 VAIS 
856 4 |a CRZP  |u https://opac.crzp.sk/?fn=detailBiblioForm&sid=9359D1AC2B33EC8F6781F9DC0F9A